| 000 | 00575 a2200193 4500 | ||
|---|---|---|---|
| 999 |
_c29533 _d29533 |
||
| 003 | NUST | ||
| 005 | 20180118140320.0 | ||
| 008 | 180118b xxu||||| |||| 00| 0 eng d | ||
| 020 | _a0262032937 | ||
| 020 | _a9780262032933 | ||
| 082 | _a005.1 | ||
| 100 | 1 |
_aCormen, Thomas H. _98783 |
|
| 245 | 1 | 0 |
_aIntroduction to algorithms, second edition / _cThomas H. Cormen, Charles E. Leiserson, Ronald L. Rivest, Clifford Stein. |
| 250 | _a2nd ed. | ||
| 260 |
_a[S.l.] : _bThe MIT Press, _c2001. |
||
| 300 |
_a1184 p. ; _c24 cm. |
||
| 700 | 1 |
_aLeiserson, Charles E. _98784 |
|
| 700 | 1 |
_aRivest, Ronald L. _98785 |
|
| 700 | 1 |
_aStein, Clifford. _98786 |
|
| 942 |
_aSNS _cBK _k005.1 COR _2ddc |
||